Szczegóły MARC21

Enzyklopädie des Märchens : Handwörterbuch zur historischen und vergleichenden Erzählforschung. Bd. 1 - /

003 -Nazwa inst., której nr kontr. jest w polu 001 [,]
    • @
    • Nazwa instytucji, której n kontrolny jest w polu 001
    • NUKAT
005 -DATA I CZAS OSTATNIEJ MODYFIKACJI [,]
    • @
    • pole kontrolne
    • 20241231104014.0
020 -Międzynarod. znormalizowany nr książki - ISBN [ , ]
    • a
    • Numer ISBN
    • 9783110552720 Find
040 -Instytucja sporządzająca opis [ , ]
    • a
    • Instytucja, która sporządziła opis (NP)
    • SZCZ U/JS
    • b
    • Język katalogowania
    • pol
    • e
    • Zasady katalogowania
    • rda
    • c
    • Instytucja, która sporządziła rekord (NP)
    • SZCZ U/JSs
044 -Kraj miejsca wydania [ , ]
    • a
    • Kraj miejsca wydania
    • Niemcy
    • a
    • Kraj miejsca wydania
    • Stany Zjednoczone po 1988
942 -Rodzaj dokumentu [ , ]
    • c
    • Rodzaj dokumentu
    • Książka
245 -Strefa tytułu i oznaczenia odpowiedzialności [0,0]
    • a
    • Tytuł
    • Enzyklopädie des Märchens : Find
    • b
    • Ciąg dalszy tytułu (NP)
    • Handwörterbuch zur historischen und vergleichenden Erzählforschung. Find
    • n
    • Oznaczenie części (P)
    • Bd. 1 - /
    • c
    • Pozostałe elementy strefy tytułu i oznaczenia odpowiedzialności (NP)
    • herausgegeben von Kurt Ranke ; Redaktion Lotte Baumann.
260 -Strefa adresu wydawniczego [ , ]
    • a
    • Miejsce wydania (P)
    • Berlin ;
    • a
    • Miejsce wydania (P)
    • Boston :
    • b
    • Nazwa wydawcy (P)
    • Walter de Gruyter,
    • c
    • Data wydania (P)
    • © 2017- .
300 -Strefa opisu fizycznego [ , ]
    • a
    • Określenie formy książki i/lub objętość (NP)
    • Wol. ;
    • c
    • Format (NP)
    • 25 cm.
336 -Typ zawartości [ , ]
    • a
    • Termin opisujący typ zawartości
    • Tekst
    • b
    • Kod określający zawartość
    • txt
    • 2
    • Źródło (terminu i kodu)
    • rdacontent
337 -Typ mediów [ , ]
    • a
    • Tryb odtwarzania
    • Bez urządzenia pośredniczącego
    • b
    • Kod typu mediów
    • n
    • 2
    • Źródło (terminu i kodu)
    • rdamedia
338 -Typ/rodzaj nośnika [ , ]
    • a
    • Hasło opisujące typ nośnika
    • Wolumin
    • b
    • Kod typu nośnika
    • nc
    • 2
    • Źródło (terminu i kodu)
    • rdacarrier
500 -Uwaga ogólna [ , ]
    • a
    • Uwaga ogólna (NP)
    • Od tomu 4 redakcja: Ines Köhler [i inni] ; od tomu 12 redaktor Doris Boden [i inni].
650 -Hasło przedmiotowe [ ,7]
    • a
    • Hasło przedmiotowe
    • Baśnie
    • v
    • Określnik formalny
    • słowniki niemieckie.
    • 2
    • Źródło terminu
    • kaba
    • 9
    • KHW
    • 600476
700 -Hasło dodatkowe - nazwa osobowa [1, ]
    • a
    • Nazwa osobowa (NP)
    • Baumann, Lotte. Find
    • e
    • Określenie rodzaju współpracy
    • Redakcja
    • 9
    • KHW
    • 600376
700 -Hasło dodatkowe - nazwa osobowa [1, ]
    • a
    • Nazwa osobowa (NP)
    • Ranke, Kurt Find
    • d
    • Daty biograficzne (NP)
    • (1908-1985).
    • e
    • Określenie rodzaju współpracy
    • Redakcja
    • 9
    • KHW
    • 600377
700 -Hasło dodatkowe - nazwa osobowa [1, ]
    • a
    • Nazwa osobowa (NP)
    • Boden, Doris. Find
    • e
    • Określenie rodzaju współpracy
    • Redakcja
    • 9
    • KHW
    • 600378
700 -Hasło dodatkowe - nazwa osobowa [1, ]
    • a
    • Nazwa osobowa (NP)
    • Köhler, Ines Find
    • d
    • Daty biograficzne (NP)
    • (1941-2019).
    • e
    • Określenie rodzaju współpracy
    • Redakcja
    • 9
    • KHW
    • 600379
710 -Hasło dodatkowe - nazwa ciała zbiorowego [2, ]
    • a
    • Nazwa ciała zbiorowego lub nazwa geograficzna jako pierwszy element (NP)
    • Walter de Gruyter und Co.
    • e
    • Rodzaj współpracy
    • Wydawca
    • 4
    • Kod relacji
    • pbl
    • 9
    • KHW
    • 54953
920 -ISBN [ , ]
    • a
    • ISBN
    • 978-3-11-055272-0 Find
Numer tomu Numer inwentarzowy Data inwentaryzacji Sygnatura Lokalizacja Status udost.
Band 1 Aarne - Bayerischer HiaslP.282752020-11-04GERM. Słowniki specj. 38BM1
Band 2 Bearbeitung - ChristusbildP.282762020-11-04GERM. Słowniki specj. 39BM1
Band 3 Chronikliteratur - EnglandP.282772020-11-04GERM. Słowniki specj. 40BM1
Band 4 Ente - FörsterP.282782020-11-04GERM. Słowniki specj. 41BM1
Band 5 Fortuna - Gott ist auferstandenP.282792020-11-04GERM. Słowniki specj. 42BM1
Band 7 Ibn al-Gauzí - Kleines VolkP.282812020-11-04GERM. Słowniki specj. 44BM1
Band 8 Klerus - MaggioP.282822020-11-04GERM. Słowniki specj. 45BM1
Band 9 Magica-Literatur - NezãmiP.282832020-11-04GERM. Słowniki specj. 46BM1
Band 10 Nibelungenlied - ProzessmotiveP.282842020-11-04GERM. Słowniki specj. 47BM1
Band 11 Prűfung - SchimäremärchenP.282852020-11-04GERM. Słowniki specj. 48BM1
Band 12 Schinden, Schinder - SublimierungP.282862020-11-04GERM. Słowniki specj. 49BM1
Band 13 Suchen - VerführungP.282872020-11-04GERM. Słowniki specj. 50BM1
Band 14 Vergeltung - Zypern Nachträge: Ābi - ZombieP.282882020-11-04GERM. Słowniki specj. 51BM1
Band 15 Verzeichnisse - Register - CorrigendaP.282892020-11-04GERM. Słowniki specj. 52BM1
Band 6 Gott und Teufel auf Wanderschaft - Hyltén-CavalliusP.282802020-11-04GERM. Słowniki specj. 43BM1